<?xml version="1.0" encoding="UTF-8"?>
<record
    xmlns:xsi="http://www.w3.org/2001/XMLSchema-instance"
    xsi:schemaLocation="http://www.loc.gov/MARC21/slim http://www.loc.gov/standards/marcxml/schema/MARC21slim.xsd"
    xmlns="http://www.loc.gov/MARC21/slim">

  <leader>01106na  a2200313   4500</leader>
  <controlfield tag="001">16224</controlfield>
  <controlfield tag="003">MIRAKIL</controlfield>
  <controlfield tag="005">20181213155126.0</controlfield>
  <controlfield tag="008">161004b        tu            000 0      </controlfield>
  <datafield tag="035" ind1=" " ind2=" ">
    <subfield code="a">16224</subfield>
  </datafield>
  <datafield tag="040" ind1=" " ind2=" ">
    <subfield code="a">Milas</subfield>
    <subfield code="b">tur</subfield>
    <subfield code="c">TR-AnCHP</subfield>
  </datafield>
  <datafield tag="041" ind1=" " ind2=" ">
    <subfield code="a">tur</subfield>
  </datafield>
  <datafield tag="082" ind1=" " ind2=" ">
    <subfield code="a">344.01</subfield>
    <subfield code="b">B27t 2012</subfield>
  </datafield>
  <datafield tag="090" ind1=" " ind2=" ">
    <subfield code="a">344.01 B27t 2012</subfield>
  </datafield>
  <datafield tag="100" ind1=" " ind2=" ">
    <subfield code="a">Ba&#x15F;bu&#x11F;, Ayd&#x131;n</subfield>
  </datafield>
  <datafield tag="245" ind1=" " ind2=" ">
    <subfield code="a">Toplu i&#x15F; ili&#x15F;kileri ve hukuk</subfield>
    <subfield code="b">Sendikalar hukuku, toplu i&#x15F; s&#xF6;zle&#x15F;mesi hukuku, disiplin hukuku</subfield>
    <subfield code="c">Ayd&#x131;n Ba&#x15F;bu&#x11F;; edit&#xF6;r &#xD6;nsel &#xDC;nal</subfield>
  </datafield>
  <datafield tag="246" ind1=" " ind2=" ">
    <subfield code="a">Sendikalar hukuku, toplu i&#x15F; s&#xF6;zle&#x15F;mesi hukuku, disiplin hukuku</subfield>
  </datafield>
  <datafield tag="260" ind1=" " ind2=" ">
    <subfield code="a">Ankara</subfield>
    <subfield code="b">T&#xFC;rkiye &#x15E;eker Sanayi &#x130;&#x15F;&#xE7;ileri Sendikas&#x131;</subfield>
    <subfield code="c">2012</subfield>
  </datafield>
  <datafield tag="300" ind1=" " ind2=" ">
    <subfield code="a">xiii, 297 s.</subfield>
    <subfield code="c">24 sm.</subfield>
  </datafield>
  <datafield tag="504" ind1=" " ind2=" ">
    <subfield code="a">Kaynak&#xE7;a (ss. 292-297) var</subfield>
  </datafield>
  <datafield tag="650" ind1=" " ind2=" ">
    <subfield code="a">Disiplin hukuku</subfield>
  </datafield>
  <datafield tag="650" ind1=" " ind2=" ">
    <subfield code="a">Toplu i&#x15F; s&#xF6;zle&#x15F;mesi hukuku</subfield>
  </datafield>
  <datafield tag="650" ind1=" " ind2=" ">
    <subfield code="a">Sendikalar hukuku</subfield>
  </datafield>
  <datafield tag="650" ind1=" " ind2=" ">
    <subfield code="a">&#x130;&#x15F; s&#xF6;zle&#x15F;mesi</subfield>
    <subfield code="x">Hukuk ve mevzuat</subfield>
    <subfield code="z">T&#xFC;rkiye</subfield>
  </datafield>
  <datafield tag="650" ind1=" " ind2=" ">
    <subfield code="a">Toplu i&#x15F; s&#xF6;zlemeleri</subfield>
    <subfield code="x">Hukuk ve mevzuat</subfield>
    <subfield code="z">T&#xFC;rkiye</subfield>
  </datafield>
  <datafield tag="650" ind1=" " ind2=" ">
    <subfield code="a">&#x130;&#x15F; hukuku</subfield>
    <subfield code="x">Hukuk ve mevzuat</subfield>
    <subfield code="z">T&#xFC;rkiye</subfield>
  </datafield>
  <datafield tag="657" ind1=" " ind2=" ">
    <subfield code="a">&#x130;&#x15F; ili&#x15F;kileri hukuku</subfield>
  </datafield>
  <datafield tag="942" ind1=" " ind2=" ">
    <subfield code="2">ddc</subfield>
    <subfield code="c">BKS</subfield>
  </datafield>
  <datafield tag="952" ind1=" " ind2=" ">
    <subfield code="a">0001</subfield>
    <subfield code="b">0001</subfield>
    <subfield code="d">2016-09-30</subfield>
    <subfield code="e">2</subfield>
    <subfield code="l">0</subfield>
    <subfield code="o">344.01 B27t 2012</subfield>
    <subfield code="p">004708</subfield>
    <subfield code="r">2016-09-30 00:00:00</subfield>
    <subfield code="v">0.00</subfield>
    <subfield code="w">2016-09-30</subfield>
    <subfield code="y">BKS</subfield>
  </datafield>
  <datafield tag="999" ind1=" " ind2=" ">
    <subfield code="c">7056</subfield>
    <subfield code="d">7056</subfield>
  </datafield>
</record>
